000 00313nam a22001337a 4500
008 170714b xxu||||| |||| 00| 0 eng d
020 _a9780195210835
041 _aeng
080 _a030
100 _a26
101 _aFJA
245 _aTHE BIOGRAPHICAL DICTIONARY SCIENTES
_cPORTER.R
942 _2udc
_cBK
999 _c20944
_d20944